"You Get What You Give" New Radicals Lyrics - Statistics

General Stats
  • This quiz has been taken 30 times
  • The average score is 138 of 239
Answer Stats
Lyrics % Correct
a
100%
do
100%
go
100%
go ...
100%
got
100%
the
100%
you
100%
don't
95%
in
95%
on
95%
up,
95%
up
95%
give
89%
we
89%
you've
89%
one
84%
to
84%
your
84%
music
79%
what
79%
disease
74%
get
74%
let
74%
and
68%
down
68%
dreamers
68%
knees
68%
live
68%
Wake
68%
we're
68%
who
68%
you're
68%
dance
63%
is
63%
it
63%
kick
63%
so
63%
are
58%
but
58%
come
58%
for
58%
fourteen,
58%
kids,
58%
only
58%
they
58%
when
58%
all
53%
can't
53%
left
53%
please
53%
reason
53%
saying
53%
this
53%
we'll
53%
4 a.m.
47%
age
47%
be
47%
busy
47%
gonna
47%
Manson
47%
Marilyn
47%
still
47%
feel
42%
find
42%
... I'm
42%
Love
42%
me
42%
now ...
42%
through
42%
world
42%
around
37%
asses ...
37%
Courtney
37%
die
37%
dreams
37%
dying
37%
light
37%
night
37%
with
37%
at
32%
cannot
32%
cry
32%
every
32%
falling
32%
flying
32%
forget
32%
Hanson
32%
mile
32%
polite
32%
style
32%
then
32%
ain't
26%
Beck
26%
fake
26%
fashion
26%
FDA
26%
friend
26%
hey
26%
just
26%
miracle
26%
pull
26%
ran
26%
run,
26%
run
26%
smash
26%
they're
26%
broke
21%
coming
21%
fakes
21%
first
21%
flat
21%
laugh
21%
mansions
21%
Mercedes-Benz
21%
off
21%
shoots
21%
'til
21%
while
21%
afraid
16%
bankers
16%
big
16%
breaking
16%
buying
16%
frienemies,
16%
multiplying
16%
trial
16%
baby
11%
bad
11%
cloning
11%
computer
11%
crashes
11%
... health
11%
hold
11%
home
11%
insurance
11%
lying
11%
rich
11%
rip
11%
tight
11%
what's
11%
bend
5%
dining
5%
God's
5%
leave
5%
real
5%
tops
5%
tree
5%
No matching quizzes found
Score Distribution
Percent of People with Each Score
Percentile by Number Answered
Your Score History
You have not taken this quiz